Normal view
MARC view
Entry Personal Name
001 - CONTROL NUMBER
- control field: 307754
003 - CONTROL NUMBER IDENTIFIER
- control field: DLC
005 - DATE AND TIME OF LATEST TRANSACTION
- control field: 20241015135300.0
008 - FIXED-LENGTH DATA ELEMENTS
- fixed length control field: 900724n| azannabb| |n aad
010 ## - LIBRARY OF CONGRESS CONTROL NUMBER
- LC control number: n 90673545
040 ## - CATALOGING SOURCE
- Original cataloging agency: DLC
- Language of cataloging: eng
- Transcribing agency: DLC
- Modifying agency: MY-SjTCS
- Description conventions: rda
100 10 - HEADING--PERSONAL NAME
- Personal name: Larkin, Kevin Charles
374 ## - OCCUPATION
- Occupation: College teachers
- Occupation: Mathematics teachers
- Source of term: lcsh
375 ## - GENDER
- Gender: male
377 ## - ASSOCIATED LANGUAGE
- Language code: eng
670 ## - SOURCE DATA FOUND
- Source citation: nuc90-47485: His Assessment of vocational interests with ... 1989
- Information found: (hdg. on MnU rept.: Larkin, Kevin Charles; usage: Kevin Charles Larkin)